• Biblia.

di Uniform Title

Records bibliografici associati: 1

001 - CONTROL NUMBER

  • control field: 58427

003 - CONTROL NUMBER IDENTIFIER

  • control field:

005 - DATE AND TIME OF LATEST TRANSACTION

  • control field: 20200904163301.0

008 - FIXED-LENGTH DATA ELEMENTS

  • fixed length control field: 200904|| aca||aabn | a|a d

040 ## - CATALOGING SOURCE

  • Original cataloging agency:
  • Transcribing agency:

130 ## - HEADING--UNIFORM TITLE

  • Uniform title: Biblia.
  • Name of part/section of a work: V.T.
  • Name of part/section of a work: Leviticus
  • General subdivision: Introduzioni italiano

670 ## - SOURCE DATA FOUND

  • Source citation: Work cat.: ()0: Levitico /, ©2017.
CREDITS: SOCIETA' SAN PAOLO Via A.Severo, 58 - ROMA (RM) & PERIODICI SAN PAOLO SRL Via Giotto, 36 MILANO & CISF Via Giotto, 36 MILANO & EDIZIONI SAN PAOLO SRL,  Piazza Soncino, 5 CINISELLO BALSAMO (MI) -- ITALY